Alien Blues- Vundabar - Statistics

General Stats
  • This quiz has been taken 55 times
  • The average score is 92 of 124
Answer Stats
Answer % Correct
a
100%
I
100%
you
97%
you,
97%
the
94%
The
94%
to
94%
My
90%
my
90%
an
87%
are
87%
like
87%
halibut,
84%
it
84%
need
84%
teeth
84%
were
84%
Would
84%
yellow,
84%
yours?
84%
hello
81%
if
81%
me
81%
they
81%
white
81%
world
81%
alibi
77%
better
77%
do
77%
shame,
77%
shame
77%
urges,
77%
best
74%
ever
74%
had?
74%
it's
74%
It's
74%
little
74%
Na-na-na-na-na-na
74%
Na-na-na-na-na-na-na
74%
purge
74%
Was
74%
worst?
74%
blame
71%
know
71%
Oh
71%
Oh-oh,
71%
oh-oh,
71%
oh-oh x2
71%
oh-oh x4
71%
somebody
71%
talk
71%
and
68%
don't
68%
is
68%
justify,
68%
land
68%
only
68%
understand
68%
because
65%
joke
65%
sun
65%
tell
65%
dandy
61%
dogs
61%
never
61%
I'd
58%
no,
58%
what
58%
anything
55%
for
55%
fun,
55%
Highness
55%
play
55%
You'd
55%
Mrs.
52%
say,
52%
think
52%
"Hey,
48%
hey"
48%
more
48%
off
48%
try
48%
surprises,
45%
name
42%
"party
42%
give
39%
this
39%
bitch",
35%
guess
35%
No matching quizzes found
Score Distribution
Percent of People with Each Score
Percentile by Number Answered
Your Score History
You have not taken this quiz